=LDR 00000nam 2200000 4500 =001 INLIS000000000049054 =005 20170119094054.0 =006 =007 =008 =035 ##$$0010-011700000000335 =040 ##$$a NBPDMAT =082 ##$$a 028 .5 =090 ##$$a 028 .5 ult a =100 ##$$a Ultah Nurhidayah =245 ##$$a abacaka kubala : cara baru belajar membaca cepat , efektif ,dan ceria / $c Ultah Nurhidayah, S.pdi dan lilis Suryani , S. pdi penyuting 12 ham Syahroni =260 ##$$a Jakarta : $b Laksana Kid 2, $c 2015 =300 ##$$a 159 hlm. : $b ilus . ; $c 28 cm =650 ##$$a Bacaan kanak - kanak =700 ##$$a Lilis suryani =700 ##$$a Izham syahroni